Countries of the World by Land Area - Statistics

General Stats
  • This quiz has been taken 15 times
  • The average score is 29 of 196
Answer Stats
Km2 Country Continent % Correct
9.984.670 Canada North America
100%
17.098.242 Russia Europe/Asia
100%
2.780.400 Argentina South America
90%
7.692.024 Australia Oceania
90%
8.515.767 Brazil South America
90%
9.572.900 China Asia
90%
3.166.414 India Asia
90%
9.526.468 United States North America
90%
2.724.900 Kazakhstan Asia
80%
2.381.741 Algeria Africa
70%
2.345.409 D.R. Congo Africa
70%
1.964.375 Mexico North America
70%
2.149.690 Saudi Arabia Asia
60%
1.246.700 Angola Africa
50%
1.284.000 Chad Africa
50%
1.141.748 Colombia South America
50%
1.904.569 Indonesia Asia
50%
1.648.195 Iran Asia
50%
1.759.540 Libya Africa
50%
1.240.192 Mali Africa
50%
1.267.000 Niger Africa
50%
1.285.216 Peru South America
50%
1.886.068 Sudan Africa
50%
2 Monaco Europe
40%
1.564.110 Mongolia Asia
40%
61 San Marino Europe
40%
1.221.037 South Africa Africa
40%
0,44 Vatican City Europe
40%
1.098.581 Bolivia South America
30%
1.002.450 Egypt Africa
30%
1.104.300 Ethiopia Africa
30%
160 Liechtenstein Europe
30%
1.030.700 Mauritania Africa
30%
21 Nauru Oceania
30%
945.087 Tanzania Africa
30%
26 Tuvalu Oceania
30%
825.615 Namibia Africa
20%
923.768 Nigeria Africa
20%
881.912 Pakistan Asia
20%
261 St. Kitts and Nevis North America
20%
916.445 Venezuela South America
20%
652.230 Afghanistan Asia
10%
468 Andorra Europe
10%
29.843 Armenia Asia
10%
86.600 Azerbaijan Asia
10%
765 Bahrain Asia
10%
147.570 Bangladesh Asia
10%
112.622 Benin Africa
10%
38.394 Bhutan Asia
10%
582.000 Botswana Africa
10%
5.765 Brunei Asia
10%
272.967 Burkina Faso Africa
10%
27.834 Burundi Africa
10%
181.035 Cambodia Asia
10%
475.442 Cameroon Africa
10%
4.033 Cape Verde Africa
10%
622.984 Central African Republic Africa
10%
756.102 Chile South America
10%
1.862 Comoros Africa
10%
23.200 Djibouti Africa
10%
276.841 Ecuador South America
10%
28.051 Equatorial Guinea Africa
10%
117.600 Eritrea Africa
10%
17.364 Eswatini Africa
10%
640.679 France Europe
10%
267.668 Gabon Africa
10%
11.295 Gambia Africa
10%
69.700 Georgia Asia
10%
238.533 Ghana Africa
10%
245.857 Guinea Africa
10%
36.125 Guinea-Bissau Africa
10%
438.317 Iraq Asia
10%
322.463 Ivory Coast Africa
10%
377.930 Japan Asia
10%
89.342 Jordan Asia
10%
580.367 Kenya Africa
10%
17.818 Kuwait Asia
10%
199.951 Kyrgyzstan Asia
10%
236.800 Laos Asia
10%
10.452 Lebanon Asia
10%
30.255 Lesotho Africa
10%
111.369 Liberia Africa
10%
2.586 Luxembourg Europe
10%
118.484 Malawi Africa
10%
330.803 Malaysia Asia
10%
300 Maldives Asia
10%
181 Marshall Islands Oceania
10%
2.040 Mauritius Africa
10%
446.550 Morocco Africa
10%
801.590 Mozambique Africa
10%
676.578 Myanmar Asia
10%
147.181 Nepal Asia
10%
120.538 North Korea Asia
10%
309.500 Oman Asia
10%
406.752 Paraguay South America
10%
300.000 Philippines Asia
10%
342.000 Republic of the Congo Africa
10%
26.338 Rwanda Africa
10%
964 Sao Tome and Principe Africa
10%
196.722 Senegal Africa
10%
452 Seychelles Africa
10%
71.740 Sierra Leone Africa
10%
716 Singapore Asia
10%
637.657 Somalia Africa
10%
100.210 South Korea Asia
10%
65.610 Sri Lanka Asia
10%
185.180 Syria Asia
10%
36.193 Taiwan Asia
10%
143.100 Tajikistan Asia
10%
513.120 Thailand Asia
10%
56.785 Togo Africa
10%
163.610 Tunisia Africa
10%
241.550 Uganda Africa
10%
83.600 United Arab Emirates Asia
10%
447.400 Uzbekistan Asia
10%
331.212 Vietnam Asia
10%
527.968 Yemen Asia
10%
752.612 Zambia Africa
10%
390.757 Zimbabwe Africa
10%
28.748 Albania Europe
0%
442 Antigua and Barbuda North America
0%
83.871 Austria Europe
0%
13.943 Bahamas North America
0%
430 Barbados North America
0%
207.600 Belarus Europe
0%
30.528 Belgium Europe
0%
22.966 Belize North America
0%
51.209 Bosnia and Herzegovina Europe
0%
110.879 Bulgaria Europe
0%
51.100 Costa Rica North America
0%
56.594 Croatia Europe
0%
109.884 Cuba North America
0%
9.251 Cyprus Asia
0%
78.865 Czechia Europe
0%
43.094 Denmark Europe
0%
751 Dominica North America
0%
48.671 Dominican Republic North America
0%
14.874 East Timor Asia
0%
21.041 El Salvador North America
0%
45.227 Estonia Europe
0%
18.272 Fiji Oceania
0%
338.424 Finland Europe
0%
357.114 Germany Europe
0%
131.990 Greece Europe
0%
344 Grenada North America
0%
108.889 Guatemala North Korea
0%
214.969 Guyana South America
0%
27.750 Haiti North America
0%
112.494 Honduras North America
0%
93.028 Hungary Europe
0%
103.000 Iceland Europe
0%
70.273 Ireland Europe
0%
301.336 Italy Europe
0%
10.991 Jamaica North America
0%
811 Kiribati Oceania
0%
10.887 Kosovo Europe
0%
64.559 Latvia Europe
0%
65.300 Lithuania Europe
0%
587.041 Madagascar Africa
0%
316 Malta Europe
0%
702 Micronesia Oceania
0%
33.846 Moldova Europe
0%
13.812 Montenegro Europe
0%
41.850 Netherlands Europe
0%
270.467 New Zealand Oceania
0%
130.373 Nicaragua North America
0%
25.713 North Macedonia Europe
0%
323.802 Norway Europe
0%
459 Palau Oceania
0%
26.990 Palestine Asia
0%
75.417 Panama North America
0%
462.840 Papua New Guinea Oceania
0%
312.679 Poland Europe
0%
92.090 Portugal Europe
0%
11.586 Qatar Asia
0%
238.391 Romania Europe
0%
2.842 Samoa Oceania
0%
88.361 Serbia Europe
0%
49.037 Slovakia Europe
0%
20.273 Slovenia Europe
0%
28.896 Solomon Islands Oceania
0%
619.745 South Sudan Africa
0%
505.992 Spain Europe
0%
616 St. Lucia North America
0%
389 St. Vincent and Grenadines North America
0%
163.820 Suriname South America
0%
450.295 Sweden Europe
0%
41.284 Switzerland Europe
0%
747 Tonga Oceania
0%
5.130 Trinidad and Tobago North America
0%
783.562 Turkiye Asia/Europe
0%
488.100 Turkmenistan Asia
0%
603.500 Ukraine Europe
0%
242.495 United Kingdom Europe
0%
181.034 Uruguay South America
0%
12.189 Vanuatu Oceania
0%
No matching quizzes found
Score Distribution
Percent of People with Each Score
Percentile by Number Answered
Your Score History
You have not taken this quiz